Vplyv prílevu priamych zahraničných investícií na hospodársky rast v nových členských štátoch EÚ zo strednej a východnej Európy

Analýza vplyvu prílevu PZI na hospodársky rast v 8 nových členských štátoch EÚ z regiónu SVE. Korelačná a regresná analýza.

Enregistré dans:
Détails bibliographiques
Auteur principal: Dudáš, Tomáš, 1976-
Format: Chapitre de livre
Langue:slovaque
Sujets:
Tags: Ajouter un tag
Pas de tags, Soyez le premier à ajouter un tag!

MARC

LEADER 00000naa$a2200000$$$4500
001 0027534
005 20240502083123.2
041 0 |a slo 
044 |a CZ 
245 1 0 |a Vplyv prílevu priamych zahraničných investícií na hospodársky rast v nových členských štátoch EÚ zo strednej a východnej Európy  |c Tomáš Dudáš 
520 |a Analýza vplyvu prílevu PZI na hospodársky rast v 8 nových členských štátoch EÚ z regiónu SVE. Korelačná a regresná analýza. 
610 2 0 |a investície priame zahraničné 
610 2 0 |a SVE 
610 2 0 |a rast hospodársky 
610 2 0 |a analýza korelačná 
610 2 0 |a analýza regresná 
610 2 0 |a produkt domáci hrubý 
610 2 0 |a regresia 
100 1 |a Dudáš, Tomáš, 1976-